000 00536nam a22001817a 4500
005 20180718131059.0
010 _aA-943642
020 _a8126005610
035 _aA-943642
037 _bBPPD/PUB
082 _aS
_2BHA
100 _aAsokamitran
245 _aA most truthful picture and other stories /
_cby Asokamitran (translated) et al.
260 _aNew Delhi
_bSahitya Akademi
_c1998
270 _aRabindra Bhawan, 35, Ferozeshah Road,
_bNew Delhi
_e110001
300 _avii, 208p. ;
_c23 cm(Hb)
942 _2ddc
_cEN
_mASH
_hS
999 _c154268
_d154268